00608nam a2200169 a 450000100100000000500170001000800410002704000250006808200170009310000300011024501090014026000510024930000280030049000180032850400740034683000180042000002525120200930023647.0110211s1974 ag a r 000 0 spa d aDO-SdBNPbspacBNPHU axxxxxbS129e1 aSagrera, Martín.d1935-10aExplosión poblacional, económica y política :bMalthus, Marx y "sudamérica" /cMartín Sagrera. aBuenos Aires, Argentina :bLa Bastilla,c1974. a344 p. :bil. ;c20 cm.1 aSin límites aIncluye referencias bibliográficas y notas al pie de las páginas. 0aSin límites